000 00381 a2200157 4500
001 168542
020 _a
040 _cMagnum
100 _aSampson, Geoffrey
240 1 0 _aSistemas de escrita: tipologia, historia e psicologia
_lpor
245 1 0 _aSistemas de escrita: tipologia, historia e psicologia
362 0 _a1899
440 1 _aÁtica
697 _aGERAL
942 _cBK
999 _c168542
_d168542